000 00758aam a2200277 i 4500
001 76714001
003 CO-MdFUSB
005 20250902190933.0
007 ta
008 250902t1968 ag ||||| |||| 00| 0 spa d
040 _aCO-MdFUSB
_bspa
_cCO-MdFUSB
_dCO-MdFUSB
_erda
041 0 _aspa
082 0 4 _223
_a250
_bN372o
100 1 _aNee, Watchman
_eautor
245 1 0 _aEl obrero cristiano normal
_c/ T. S. Nee
264 0 1 _bEdiciones Hebron,
_aMisiones, Argentina :
_c[1968]
264 0 4 _c©1968
300 _a104 páginas
336 _atexto
_btxt
_2rdacontent
337 _2rdamedia
_asin mediación
_bn
338 _2rdacarrier
_avolumen
_bnc
563 _aRústico
650 1 7 _aTeología pastoral
_9227
942 _cBK
945 _aElías Tolentino
999 _c38462
_d38462